000 00640nam a2200217 4500
003 OSt
005 20240620074001.0
006 a
008 240620b |||||||| |||| 00| 0 eng d
020 _a9789814410625
040 _aDWCL-Main lib.
_cOC
082 _2Second edition
_aCirc. 577 K93g 2012
100 _aKrohne, David T.
245 _aGeneral ecology /
250 _aSecond edition
260 _aSingapore :
_bCengage Learning asia Pte Ltd. ,
_cc2012.
300 _b565 p. : ill. ;
_c26 cm.
504 _aIncludes bibliographical references & index.
650 _a1. Ecology.
942 _2ddc
_n0
_cBK-CIRC
_eSecond edition
_kCirc.
999 _c1005
_d1005